Science of engineering materials : Engineering Materials / (Record no. 9500)
[ view plain ]
| 000 -LEADER | |
|---|---|
| fixed length control field | 00667nac a22001931u 4500 |
| 020 ## - INTERNATIONAL STANDARD BOOK NUMBER | |
| International Standard Book Number | 0333318188 : |
| 082 ## - DEWEY DECIMAL CLASSIFICATION NUMBER | |
| Classification number | 620.11 |
| Item number | CHA |
| 090 ## - LOCALLY ASSIGNED LC-TYPE CALL NUMBER (OCLC); LOCAL CALL NUMBER (OCLC) | |
| -- | 9500 |
| -- | 9500 |
| 100 ## - MAIN ENTRY--PERSONAL NAME | |
| Personal name | Chanda, Manas |
| 245 ## - TITLE STATEMENT | |
| Title | Science of engineering materials : Engineering Materials / |
| Statement of responsibility, etc | Manas Chanda. |
| 260 ## - PUBLICATION, DISTRIBUTION, ETC. (IMPRINT) | |
| Place of publication, distribution, etc | Great Britain : |
| Name of publisher, distributor, etc | The Macmillan,1981. |
| Date of publication, distribution, etc | c1981. |
| 300 ## - PHYSICAL DESCRIPTION | |
| Extent | xiii, 232 p.; |
| Other physical details | ill.; |
| Dimensions | 20 cm. |
| 490 ## - Series Statement | |
| Series statement | Science of engineering materials |
| Volume/sequential designation | 3; |
| 500 ## - GENERAL NOTE | |
| General note | Distributer: Al-Ahram |
| 504 ## - BIBLIOGRAPHY, ETC. NOTE | |
| Bibliography, etc | Includes bibliographical references and index. |
| 511 ## - PARTICIPANT OR PERFORMER NOTE | |
| Participant or performer note | Catalogued by: Sara |
| 650 ## - SUBJECT ADDED ENTRY--TOPICAL TERM | |
| Topical term or geographic name as entry element | Materials science. |
| 942 ## - ADDED ENTRY ELEMENTS (KOHA) | |
| Item type | Book - Borrowing |
| Call number prefix | 620.11CHA |
| Withdrawn status | Item status | Damaged status | Not for loan | Home library | Current library | Shelving location | Date acquired | Source of acquisition | Total Checkouts | Full call number | Barcode | Date last seen | Koha item type |
|---|---|---|---|---|---|---|---|---|---|---|---|---|---|
| Central Library | Central Library | First floor | 08/05/2015 | Purchase | 620.11CHA | 000011560 | 15/07/2025 | Book - Borrowing |